Sports Quiz

Random Sports or NCAA Quiz

NCAA March Madness: Almost Back-to-Back Quiz Stats

 Plays Quiz Updated Mar 15, 2018

Challenge
Share
Tweet
Embed
Score 0/8 Timer 05:00
8 Plays Today
Year College/University % Correct
1997Kentucky
86.8%
1985Georgetown
75.1%
1961Ohio State
69.7%
1953Kansas
64.4%
1995Arkansas
57.7%
1963Cincinnati
57.2%
1960California
27.8%
1955La Salle
18.8%

You're not logged in!

Compare scores with friends on all Sporcle quizzes.
OR
Log In

You Might Also Like...

Show Comments

Extras

Top Quizzes Today


Score Distribution

Your Account Isn't Verified!

In order to create a playlist on Sporcle, you need to verify the email address you used during registration. Go to your Sporcle Settings to finish the process.

Report this User

Report this user for behavior that violates our Community Guidelines.

Details: